00485nam a2200169Ia 450000500170000000800410001704000190005804100120007708200150008910000200010424500610012426000340018530000170021950400440023665000250028085000100030520260523120458.0131103s9999 xx 000 0 und d aLoreto College aEnglish a808.3bGRA aGraham, Kenneth aEnglish criticism of the novel 1865-1900cKenneth Graham aOxfordbClarendon pressc1965 aviii,148 p.  aIncludes list of periodicals and index aLiterature - Fiction aLCLIB